| 000 | 00661nam a2200193 i 4500 | ||
|---|---|---|---|
| 001 | 6607 | ||
| 003 | ES-MaACL | ||
| 005 | 20230906145019.0 | ||
| 007 | t| | ||
| 008 | 900118s1989 sp ||||1| val | ||
| 020 | _a84-7579-796-2 | ||
| 080 | _a379.85 | ||
| 245 | 0 | 0 |
_aCarretera i manta _b: guia jove de vancances joves. |
| 260 |
_aValencia : _bGeneralitat Valenciana, Conselleria de Cultura, Educacio i Ciencia, Direccio General de Joventut, _c1989. |
||
| 300 |
_a348 p. : _bil. ; _c22 cm. |
||
| 650 | 4 |
_aJóvenes- _xViajes. _913960 |
|
| 710 | 2 |
_aComunidad Valenciana. _bDirección General de Juventud. _97536 |
|
| 852 |
_aES-MaACL _jL-13775 _bR.117340 _z. - rust. |
||
| 999 |
_c6607 _d6607 |
||